Vybrané metódy z operačnej analýzy

Guardado en:
Detalles Bibliográficos
Autor principal: Unčovský, Ladislav
Autor Corporativo: Vysoká škola ekonomická v Bratislave. Fakulta riadenia
Otros Autores: Šimkovic, Ján
Formato: Libro
Lenguaje:eslovaco
Publicado: Bratislava Vysoká škola ekonomická 1984
Edición:2. vyd.
Etiquetas: Agregar Etiqueta
Sin Etiquetas, Sea el primero en etiquetar este registro!

MARC

LEADER 00000nam a2200000 4500
001 c116190
005 20190109152736.4
041 0 |a slo 
044 |a SK 
245 1 0 |a Vybrané metódy z operačnej analýzy  |c Ladislav Unčovský, Ján Šimkovic 
250 |a 2. vyd. 
264 1 |a Bratislava  |b Vysoká škola ekonomická  |c 1984 
300 |a 267 s. 
100 1 |a Unčovský, Ladislav 
700 1 |a Šimkovic, Ján 
710 2 |a Vysoká škola ekonomická v Bratislave. Fakulta riadenia